Statistics for Famous Ska Bands

Click here to take the quiz!

General Stats

  • This quiz has been taken 43 times
  • The average score is 5 of 18

Answer Stats

HintAnswer% Correct
A Message to You, Rudy (1979 Cover)The Specials
62%
Our HouseMadness
51%
SanteriaSublime
51%
Sell OutReel Big Fish
49%
The Impression that I getMighty Mighty Bosstones
46%
The Science of Selling Yourself ShortLess Than Jake
41%
On My RadioThe Selecter
33%
54-46 Was My NumberToots and the Maytals
33%
Get Up, Stand UpThe Wailers
28%
Guns of NavaroneSkatalites
26%
Two Tone ArmyThe Toasters
23%
Drinking for 11Mad Caddies
21%
CannabisSka-P
21%
Enjoy YourselfPrince Buster
10%
Uptown Top RankingAlthea & Donna
8%
Mickey Mouse in MoscowThe Busters
5%
Ding-A-LingJudge Dread
3%
Little ManThe O.C. Supertones
3%

Score Distribution

Percentile by Number Answered

Percent of People with Each Score

Your Score History

You have not taken this quiz